Berlin City Trivia - Statistics

General Stats
  • This quiz has been taken 942 times
  • The average score is 12 of 20
Answer Stats
Question Answer % Correct
What structure was the symbol of the Cold War, that fell in 1989? Berlin Wall
95%
What major event did Berlin host in 1936? Summer Olympics
95%
What name was given to the best-known crossing point between East and West Berlin? Checkpoint {Charlie}
90%
Who made the "Ich bin ein Berliner" speech in 1963? John F. Kennedy
83%
What is the closest world capital to Berlin? Prague
83%
What animal appears on the flag of Berlin? Bear
82%
What is the name of the German parliament headquartered in Berlin? Reichstag
80%
What neoclassical monument is probably the most famous landmark in Berlin? Brandenburg Gate
79%
What African-American sprinter stuck it to Hitler by winning 4 gold medals in the above? Jesse Owens
65%
What is the second most populated city in Berlin metropolitan region? Potsdam
63%
What is the name of the main public square of Berlin {Alexander}platz
61%
What is the main river of Berlin? Spree
58%
Who served as the mayor of Berlin between 1957-1966 and later became Chancellor between 1969-1974? Willy Brandt
48%
What is the German name of the tallest tower in Berlin? {Fernsehturm} Berlin
45%
Herta Heuwer is often credited for her invention of what iconic cuisine in German culture? Currywurst
38%
Which two politicians does the best known piece of the graffiti art on the above depict kissing each other? Leonid Brezhnev
31%
Which two politicians does the best known piece of the graffiti art on the above depict kissing each other? Erich Honecker
25%
What popular electronic dance music festival was first held in Berlin in 1989? Love Parade
24%
In what movie does a young girl have to 20 minutes to bring 100,000 DM to her boyfriend or he robs a store? Run Lola Run
20%
What 2006 movie is about the monitoring of East Berlin residents by agents of the Stasi? The Lives of Others
18%
No matching quizzes found
Score Distribution
Percent of People with Each Score
Percentile by Number Answered
Your Score History
You have not taken this quiz